Konformačná analýza a interpretácia vibračných spektier 3-aminometylén-2,4-pentándiónu a jeho N-metyl derivátov + CD-ROM

Gespeichert in:
Bibliographische Detailangaben
1. Verfasser: Gróf, Martin
Format: Buch
Sprache:Slowakisch
Veröffentlicht: Bratislava STU v Bratislave FCHPT 2005
Online-Zugang:Im OPAC anzeigen
Tags: Tag hinzufügen
Keine Tags, Fügen Sie das erste Tag hinzu!

MARC

LEADER 00000nam a2200000 a 4500
005 20260127134224.0
008 050616 2005 xo 000 0 slo d
035 |a vtls008160656 
039 9 |a 200506160958  |b mschk03  |y 200506160957  |z mschk03 
040 |a STUSCHK1  |b slo  |c STUSCHK1  |e AACR2 
100 1 |a Gróf, Martin 
245 1 |a Konformačná analýza a interpretácia vibračných spektier 3-aminometylén-2,4-pentándiónu a jeho N-metyl derivátov  |b + CD-ROM 
260 |a Bratislava  |b STU v Bratislave FCHPT  |c 2005 
300 |a 63 s. 
500 |a Obháj.: 7.6. 2005 
500 |a Špec.: Fyzikálna chémia 
910 |a SCHK95 
999 |c 7100  |d 7100